| 000 | 00912nam a22002417a 4500 | ||
|---|---|---|---|
| 005 | 20180601162320.0 | ||
| 008 | 180601b xxu||||| |||| 00| 0 eng d | ||
| 010 | _aB-082384 | ||
| 020 | _a9780143029687 | ||
| 035 | _aB-082384 | ||
| 037 | _bBPPD/PUB | ||
| 082 | _a881.08 | ||
| 100 | 0 |
_aKabir, _dactive 15th century. |
|
| 240 | 1 | 0 |
_aWorks. _kSelections. _lEnglish. _f2003 |
| 245 | 1 | 4 |
_aThe weaver's songs / _cKabir ; translated and with an introduction and notes by Vinay Dharwadker. |
| 260 |
_aNew Delhi ; _aNew York, NY : _bPenguin Books, _c2003. |
||
| 300 |
_axviii, 304 p. ; _c21 cm. |
||
| 504 | _aIncludes bibliographical references (p. [296]-304). | ||
| 520 | _aSelected songs and poems of Kabir, 15th century, Hindi religious poet. | ||
| 600 | 0 | 0 |
_aKabir, _dactive 15th century _xTranslations into English. |
| 700 | 1 |
_aDharwadker, Vinay, _d1954- |
|
| 942 |
_2ddc _cEN _h881.08 _mKAB |
||
| 999 |
_c152498 _d152498 |
||